Govt. of
Madhya Pradesh

Pasteur (Record no. 38731)

MARC details
000 -LEADER
fixed length control field 004210000a22001690004500
003 - CONTROL NUMBER IDENTIFIER
control field MACL
005 - DATE AND TIME OF LATEST TRANSACTION
control field 20160102120458.0
008 - FIXED-LENGTH DATA ELEMENTS--GENERAL INFORMATION
fixed length control field 160102b xxu||||| |||| 00| 0 eng d
040 ## - CATALOGING SOURCE
Original cataloging agency MACL
Transcribing agency MACL
041 ## - LANGUAGE CODE
Language code of text/sound track or separate title English
082 ## - DEWEY DECIMAL CLASSIFICATION NUMBER
Classification number 614.477/ERA
100 ## - MAIN ENTRY--PERSONAL NAME
Personal name Frankland, Percy
9 (RLIN) 26858
245 ## - TITLE STATEMENT
Title Pasteur
260 ## - PUBLICATION, DISTRIBUTION, ETC. (IMPRINT)
Name of publisher, distributor, etc. Cassell & Company
Date of publication, distribution, etc. 1901
Place of publication, distribution, etc. London
650 ## - SUBJECT ADDED ENTRY--TOPICAL TERM
Topical term or geographic name as entry element Medical Science
9 (RLIN) 26859
942 ## - ADDED ENTRY ELEMENTS (KOHA)
Koha item type Books
Call number prefix 614.477/FRA
Source of classification or shelving scheme
Holdings
Withdrawn status Lost status Source of classification or shelving scheme Damaged status Not for loan Home library Current library Date acquired Total Checkouts Full call number Barcode Date last seen Uniform Resource Identifier Price effective from Koha item type
          MACL MACL 15/04/2015   614.477/FRA CLE002184 29/04/2015 38953 15/04/2015 Books